Minecraft by Letter - S - Statistics

General Stats
  • This quiz has been taken 23 times
  • The average score is 26 of 46
Answer Stats
Hint Answer % Correct
Used to ride striders, donkeys, llamas, and horses Saddle
93%
A common hostile mob Skeleton
93%
Another of the above Spider
93%
A biome with orange wood Savanna
86%
A very useful item in survival, crafted with 6 planks and an iron ingot, used for defense Shield
86%
A structure with buried treasure chests, found in the ocean and sometimes on land Shipwreck
86%
Another one Shovel
86%
One of the five tools Sword
86%
An enchantment that can be placed on any tool that allows you to pick up any block whole Silk Touch
79%
A food source dropped by spiders, poisons you if eaten Spider Eye
79%
An item crafted by copper and amethyst, used to zoom in Spyglass
79%
A nether mob that swims in lava, can be ridden across lava Strider
79%
An item used to make wool, bows, and fishing rods, dropped by spiders and striders String
79%
An axe and sword enchantment that increases damage Sharpness
71%
A mob found at end cities, gives shells to make a type of chest Shulker
71%
Used to skin sheep and make them drop wool without killing them Shears
64%
A boot enchantment that allows you to run faster on soul sand Soul Speed
64%
A type of wood, a lot of peoples favorites Spruce
64%
Many people's favorite wood Spruce
64%
After getting wood for tools, you get this Stone
64%
After getting wood, you usually get these types of tools Stone
64%
One of the best food sources, dropped by cows Steak
57%
A java only sword enchantment that allows you to hit multiple mobs at once Sweeping Edge
57%
A mediocre food source that is found on bushes in the taiga biome Sweet Berries
57%
Increases movement speed while crouching, useful in the deep dark Swift Sneak
57%
A very useful storage item that can hold an entire inventory in just one slot Shulker Box
50%
The rarest in game mob, only spawns during thunderstorms Skeleton Horse
50%
Used to make all five types of tools Stick
50%
A food source in a bowl, found in shipwreck chests Suspicious Stew
50%
You can smelt this into glass Sand
43%
A certain item dropped by turtles and armadillos, the armadillo ones used to make dog armor, the other used to make a turtle helmet Scutes
43%
A hostile mob rarely found in caves, commonly found in swamps Slime
43%
Same as above Smite
43%
This water mob drops ink sacs, used to make a book and quill Squid
43%
A useful food source found in the water Salmon
36%
A common passive mob, its wool is used to make beds and carpet Sheep
36%
These mobs spawn when you break infested blocks, commonly found in strongholds Silverfish
36%
This item is only found placed by water, used to make paper and sugar Sugar Cane
36%
One of the three types of potions Splash
29%
A java only type of arrow that allows you to see mobs behind walls Spectral Arrow
21%
The snowy version of skeletons that give you slowness when they shoot you Stray
21%
The structure where you find the end portal Stronghold
21%
There are two types of this biome, which includes mangroves, and spawns exclusive mobs like slimes and boggeds and frogs Swamps
21%
End cities can have these, which is where you can get the elytra Ships
14%
It can be sunny, rainy, or a thunderstorm and this type of weather Snowy
14%
This brown-colored nether biome spawns a lot of skeletons and ghasts Soul Sand Valley
14%
No matching quizzes found
Score Distribution
Percent of People with Each Score
Percentile by Number Answered
Your Score History
You have not taken this quiz